LEADER 03497nam0 2200529 i 450 001 BVEE018239 005 20170908093207.0 012 $ataa- s.et doet teuo (3) 1585 (R)$2fei 012 $ataa- s.et doet teuo (3) 1584 (R)$2fei$9Var. B 100 $a20100913d1585 ||||0itac50 ba 101 | $aita 102 $ait 181 1$6z01$ai $bxxxe 182 1$6z01$an 200 1 $aTrattato dell'arte della pittura, scoltura, et architettura, di Gio. Paolo Lomazzo milanese pittore, diuiso in sette libri. ... Con vna tauola de' nomi de tutti li pitttori [!], scoltori, architetti, & matematici antichi, & moderni. ... 210 $aIn Milano$cper Paolo Gottardo Pontio, stampatore regio. A instantia di Pietro Tini$d1585$eIn Milano$gappresso Paolo Gottardo Pontio 215 $a[40], 700 [i.e. 698, 2] p.$d4º 300 $aIl libro primo inizia con proprio front 300 $aMarca di Pietro Tini (U45) sul front 300 $aCors. ; rom 300 $aSegn.: [croce]⁸ 2[croce]¹² A-2V⁸ 2X⁶ 300 $aDiversi errori nella numerazione delle p 300 $aIniziali e fregi xil 300 $aRitratto dell'A. a c. B1r 300 $aVar. B: In Milano : per Paolo Gottardo Pontio, stampatore regio : a instantia di Pietro Tini, 1584 314 $aTipografo.$9BVEV018905 314 $aEditore.$9BVEV022692 316 $a1 v. - Timbro (RB) in rosso sul front.$5IT-NA0079, V.F. 35 E 47 316 $a1 v. - Var. B. - Mutilo del libro settimo. - Timbro R. B. sul front.$5IT-NA0079, V.F. 35 E 47 316 $a1 esemplare$5IT-NA0070, Z.C. 0099 620 $aIT$dMilano$3MUSL002184 700 1$aLomazzo$b, Giovanni Paolo$f <1538-1592>$3CFIV077126$4070$0172263 712 02$aDa Ponte, Paolo Gottardo$3BVEV018905$4650 712 02$aTini, Pietro$3BVEV022692$4650 790 1$aLomazzo$b, Gian Paolo$3CFIV077129$zLomazzo, Giovanni Paolo <1538-1592> 790 1$aLomazzo$b, Giovan Paolo$3CFIV121190$zLomazzo, Giovanni Paolo <1538-1592> 791 02$aPonte, Paolo Gottardo da$3BVEV054108$zDa Ponte, Paolo Gottardo 791 02$aPonzio, Paolo Gottardo$3BVEV054110$zDa Ponte, Paolo Gottardo 801 3$aIT$bIT-NA0079$c20100913 850 $aIT-NA0079$aIT-NA0070 912 $aBVEE018239 921 $aPARM001726$bGiglio fiorentino. In cornice ornata da rami di foglie$cU45$dSul front. 950 0$aBiblioteca Nazionale Vittorio Emanuele III$c1 vol.$d BNV.F. 35 E 47$e BN 0003021375 B 1 v. - Timbro (RB) in rosso sul front.$fC $h19001231$i20100913$lTimbro (RB) in rosso sul front.$mTimbri storici della biblioteca proprietaria$c1 v.$d BNSALA FARN.35. D 42$e BNA010014628045 M 1 v. - Var. B. - Mutilo del libro settimo. - Timbro R. B. sul front.$fC $h20121023$i20121023$lVar. B.$mCaratteristiche materiali$lMutilo del libro settimo$mImperfezioni$lTimbro R. B.$mTimbri storici della biblioteca proprietaria 950 0$aBiblioteca Universitaria$d BUZ.C. 0099$e BUSI 0000225965 B 1 esemplare$fZ $i20110804 977 $a BN$a BU 996 $aTrattato dell'arte della pittura, scoltura, et architettura, di Gio. Paolo Lomazzo milanese pittore, diuiso in sette libri. ... Con vna tauola de' nomi de tutti li pitttori , scoltori, architetti, & matematici antichi, & moderni. ..$91480138 997 $aUNISANNIO LEADER 02356nam 2200517 450 001 9910459717603321 005 20170815161043.0 010 $a1-283-27209-1 010 $a9786613272096 010 $a1-4411-6872-9 035 $a(CKB)2670000000077494 035 $a(EBL)674935 035 $a(OCoLC)710974928 035 $a(SSID)ssj0000517229 035 $a(PQKBManifestationID)12232991 035 $a(PQKBTitleCode)TC0000517229 035 $a(PQKBWorkID)10487330 035 $a(PQKB)11754223 035 $a(MiAaPQ)EBC674935 035 $a(MiAaPQ)EBC5309635 035 $a(EXLCZ)992670000000077494 100 $a20180316h20112011 uy 0 101 0 $aeng 135 $aur|n|---||||| 181 $ctxt 182 $cc 183 $acr 200 10$aBattle of the styles $esociety, culture and the design of the new Foreign Office, 1855-1861 /$fBernard Porter 210 1$aLondon, [England] :$cContinuum,$d2011. 210 4$d2011 215 $a1 online resource (257 p.) 300 $aDescription based upon print version of record. 311 $a1-4411-6739-0 320 $aIncludes bibliographical references and index. 327 $aCONTENTS; Illustrations; Preface; 1 The Battle Joined; 2 A Hybrid Society; 3 Early Skirmishes; 4 A Grand and National Work; 5 Worthy of our Imperial City; 6 The Lamp of Morality; 7 An Architecture for our Age; 8 Not the Most Interesting Public Question of the Day; 9 A Change for the Worse 330 $aThe present-day Foreign Office in Whitehall is an imposing building whose genesis is bizarre. In 1857 a competition was held to pick an architect, which provoked a huge row between the rival 'Classical' and 'Gothic' schools, which a 'Goth' (George Gilbert Scott) won - but was then forced to re-design in Classical. The circumstances surrounding this fiasco furnish the starting-point for this book; which then goes on to analyse the debate that preceded this decision, for the light it sheds on the complex nature of British culture and society then. Among issues raise were contemporary and conflic 608 $aElectronic books. 676 $a720.9421 700 $aPorter$b Bernard$0134198 801 0$bMiAaPQ 801 1$bMiAaPQ 801 2$bMiAaPQ 906 $aBOOK 912 $a9910459717603321 996 $aBattle of the styles$92204874 997 $aUNINA